Room for improvement (Record no. 112032)
[ view plain ]
| 000 -LEADER | |
|---|---|
| fixed length control field | 01088cad a22002055a 4500 |
| 001 - CONTROL NUMBER | |
| control field | L152389 |
| 008 - FIXED-LENGTH DATA ELEMENTS--GENERAL INFORMATION | |
| fixed length control field | 110301s2011 xxk f 000 0 eng d |
| 035 ## - SYSTEM CONTROL NUMBER | |
| System control number | (Sirsi) u152389 |
| 041 0# - LANGUAGE CODE | |
| Language code of text/sound track or separate title | eng |
| 110 2# - MAIN ENTRY--CORPORATE NAME | |
| Corporate name or jurisdiction name as entry element | Consumer Focus |
| 9 (RLIN) | 5920 |
| 245 00 - TITLE STATEMENT | |
| Title | Room for improvement |
| Remainder of title | the impact of EPCs on consumer decision-making |
| Medium | [electronic resource] |
| 260 ## - PUBLICATION, DISTRIBUTION, ETC. | |
| Place of publication, distribution, etc. | London |
| Name of publisher, distributor, etc. | Consumer Focus |
| Date of publication, distribution, etc. | 2011 |
| 520 ## - SUMMARY, ETC. | |
| Summary, etc. | How information on energy efficiency informs consumer actions in the property market. Highlights two common concerns of the energy industry; that EPC's possibly have little impact and the failure of estate agents and other property professionals to comply with regulations that require energy performance certificates to be provided to prospective buyers and tenants. |
| 590 ## - LOCAL NOTE (RLIN) | |
| Local note | KA NTK |
| 651 #4 - SUBJECT ADDED ENTRY--GEOGRAPHIC NAME | |
| Geographic name | United Kingdom |
| 690 ## - LOCAL SUBJECT ADDED ENTRY--TOPICAL TERM (OCLC, RLIN) | |
| Topical term or geographic name as entry element | ENVIRONMENTAL AND LAND CONSULTANCY-ENERGY-ENERGY USE-ENERGY EFFICIENCY |
| 700 1# - ADDED ENTRY--PERSONAL NAME | |
| Personal name | Laine, Liz |
| 856 40 - ELECTRONIC LOCATION AND ACCESS | |
| Uniform Resource Identifier | <a href="https://www.consumerfocus.org.uk/files/2011/02/Room-for-improvement.pdf">https://www.consumerfocus.org.uk/files/2011/02/Room-for-improvement.pdf</a> |
| Public note | View the item free of charge at www.consumerfocus.org.uk |
| 942 ## - ADDED ENTRY ELEMENTS (KOHA) | |
| Suppress in OPAC | 0 |
| Withdrawn status | Lost status | Source of classification or shelving scheme | Damaged status | Not for loan | Home library | Current library | Shelving location | Date acquired | Total Checkouts | Full call number | Barcode | Date last seen | Copy number | Price effective from | Koha item type |
|---|---|---|---|---|---|---|---|---|---|---|---|---|---|---|---|
| Dewey Decimal Classification | Virtual | Virtual | Online | 01/03/2011 | ONLINE PUBLICATION | 152389-2001 | 06/08/2019 | 1 | 06/08/2019 | Book |